Heat and Mass Transfer / (Record no. 478226)
[ view plain ]
| 000 -LEADER | |
|---|---|
| fixed length control field | 00488nam a22001817a 4500 |
| 005 - DATE AND TIME OF LATEST TRANSACTION | |
| control field | 20220121111708.0 |
| 008 - FIXED-LENGTH DATA ELEMENTS--GENERAL INFORMATION | |
| fixed length control field | 180424b ||||| |||| 00| 0 eng d |
| 020 ## - INTERNATIONAL STANDARD BOOK NUMBER | |
| International Standard Book Number | 9789339223199 |
| 040 ## - CATALOGING SOURCE | |
| Transcribing agency | SMME |
| 082 ## - DEWEY DECIMAL CLASSIFICATION NUMBER | |
| Classification number | 621.4022 CEN |
| 100 ## - MAIN ENTRY--PERSONAL NAME | |
| Personal name | Cengel, Yunus A. |
| 9 (RLIN) | 88555 |
| 245 ## - TITLE STATEMENT | |
| Title | Heat and Mass Transfer / |
| Statement of responsibility, etc. | Yunus A. Cengel |
| 250 ## - EDITION STATEMENT | |
| Edition statement | 5th ed. |
| 260 ## - PUBLICATION, DISTRIBUTION, ETC. | |
| Place of publication, distribution, etc. | New Delhi : |
| Name of publisher, distributor, etc. | McGraw Hill, |
| Date of publication, distribution, etc. | 2016. |
| 300 ## - PHYSICAL DESCRIPTION | |
| Extent | 944 p. ; |
| Dimensions | 24 cm. |
| 500 ## - GENERAL NOTE | |
| General note | Paperback. |
| 942 ## - ADDED ENTRY ELEMENTS (KOHA) | |
| Source of classification or shelving scheme | |
| Koha item type | Book |
| Call number prefix | 621.4022 CEN |
| Withdrawn status | Lost status | Source of classification or shelving scheme | Damaged status | Not for loan | Permanent Location | Current Location | Date acquired | Total Checkouts | Total Renewals | Full call number | Barcode | Date last seen | Date last checked out | Price effective from | Koha item type | Shelving location | Checked out |
|---|---|---|---|---|---|---|---|---|---|---|---|---|---|---|---|---|---|
| Central Library (CL) | Central Library (CL) | 10/13/2020 | 3 | 1 | 621.4022 CEN | SMME-3382 | 02/12/2026 | 09/13/2025 | 10/13/2020 | Book | |||||||
| School of Mechanical & Manufacturing Engineering (SMME) | School of Mechanical & Manufacturing Engineering (SMME) | 04/24/2018 | 6 | 6 | 621.4022 CEN | SMME-3380 | 01/23/2026 | 09/08/2025 | 04/24/2018 | Book | |||||||
| School of Mechanical & Manufacturing Engineering (SMME) | School of Mechanical & Manufacturing Engineering (SMME) | 04/24/2018 | 8 | 5 | 621.4022 CEN | SMME-3381 | 09/08/2025 | 09/08/2025 | Book | General Stacks | 01/06/2026 |
